Los efectos de la crisis del año 2002 y el Impuesto sobre los Ingresos Brutos de las entidades financieras (Registro nro. 13122)

Detalles MARC
000 -LEADER
fixed length control field 00393 a2200109 4500
001 - CONTROL NUMBER
control field ART_7994
005 - DATE AND TIME OF LATEST TRANSACTION
control field 20260410161639.0
008 - FIXED-LENGTH DATA ELEMENTS--GENERAL INFORMATION
fixed length control field 260409a
100 1# - MAIN ENTRY--PERSONAL NAME
Personal name Calcagno, Gabriel A
245 10 - TITLE STATEMENT
Title Los efectos de la crisis del año 2002 y el Impuesto sobre los Ingresos Brutos de las entidades financieras
773 0# - HOST ITEM ENTRY
Title Consultor tributario
Related parts - Vol. 2, Nº 20 (oct. 2008)
Record control number REV474

No hay ítems disponibles.